000 00604 a2200181 4500
999 _c5293
_d5293
020 _a0802150845
050 0 0 _aGN645 FAN 1970
100 1 _aFanon, Frantz,
_d1925-1961.
_eauthor
245 1 0 _aBlack skin, white masks /
_ctranslated [from the French] by Charles Lam Markmann.
264 _aLondon :
_bPaladin,
_c1970.
300 _a174p. :
500 _aTranslation of Peau noire, masques blancs.
504 _aBibliographical footnotes.
650 0 _aBlack race
_xSocial conditions.
650 0 _aBlack race
_xPsychology.
700 _aMarkmann, Charles Lam
_etranslator
942 _2lcc
_cBK
_h645
_iFAN
_kGN